แสดงรายละเอียดบรรณานุกรม
  กลับหน้าหลัก

Brief Record : Get Marc (ISO 2709) : E-mail record : QR code ปิดหน้าต่าง
E-books : เกี่ยวกับ Collections
LEADER 00000nama 2200000uu 4500
008    040531s|||| th m m a000 0 tha d
020    9744714652
041    tha
050    นว ฟ221ม 2542
100    ฟังฟัง.
245    เมฆเหินน้ำไหล/ฟังฟัง.
250    พิมพ์ครั้งที่ 7.
260    กรุงเทพฯ. นานมีบุ๊คส์. 2542.
300    192 หน้า.
600    I.เทพรัตนราชสุดาฯสยามบรมราชกุมารี,สมเด็จพระ,2498-,ผู้แปล.
650    1.วรรณกรรมจีน.
995    003
รายการนี้ยังไม่มีแท็ก
คุณยังไม่ได้ล็อกอิน คุณสามารถมีกิจกรรมร่วมกับเว็บไซต์ได้ แต่ต้องล็อกอินก่อน ::
  ล็อกอิน
ลำดับที่ ประเภท เลขเรียก สถานที่ สถานะ
1. หนังสือทั่วไป
หนังสือทั่วไป
นว ฟ221ม 2542  
  
หนังสือทั่วไป On Shelf
  ขอยืม
2. หนังสือทั่วไป
หนังสือทั่วไป
นว ฟ221ม 2542  
  
หนังสือทั่วไป On Shelf
  ขอยืม
3. หนังสือทั่วไป
หนังสือทั่วไป
นว ฟ221ม 2542  
  
หนังสือทั่วไป On Shelf
  ขอยืม
   [แสดง 3/3 รายการ]

BibComment


ยังไม่เคยถูกคอมเมนท์

คอมเมนท์ทรัพยากรรายการนี้
  คอมเมนท์: เมฆเหินน้ำไหลฟังฟัง
Bib 182109

 
 
 

 Union Library Management : ULibM
Copyright 2026. All Rights Reserved.
скачать бесплатно без регистрации порно красивый секс HD Sex Hindi sex

xxx gou

xxxx

bfxxx

xxxwww

Секса Видео

xxxx

Секса Видео

detube

geilexxx

C99 Shell

worms shell

blod xxx video
Ebony Coed Rihanna Rimes Takes A Dick In Her Young Twat priyaa indian fuck anal and pusssy hardcore indian women xxx desi hardcore fucking part 1 bengalixxxcouple